000 00659nab a2200193 4500
001 244442
003 OSt
005 20240312132236.0
007 tu
008 200917s2020|||||||
040 _aDE-2950
_cDE-2950
245 0 0 _aNeue Häuser auf den ältesten Kellern der Stadt
_bImmobilien. In der Carl-Philipp-Emanuel-Bach-Straße entstehen sechs Wohnhäuser. Nun wurde bei dem letzten Richtfest gefeiert/
_cFelix Krone
264 _c2024
653 _aFrankfurt (Oder)
653 _aCarl-Philipp-Emanuel-Bach-Straße
653 _aRichtfest
773 0 _g35. Jahrgang (2024) Nr. 60 vom 11.03.2024, S. 11 mit Foto
_tMärkische Oderzeitung
942 _2z
_cA
999 _c373027
_d373027